Robert Fidler v First SoS and Reigate and Banstead BC (Record no. 73838)

MARC details
000 -LEADER
fixed length control field 01674cam a2200217 4500
008 - FIXED-LENGTH DATA ELEMENTS--GENERAL INFORMATION
fixed length control field 031124n2003 000 0 eng u
035 ## - SYSTEM CONTROL NUMBER
System control number (Sirsi) u124441
245 ## - TITLE STATEMENT
Title Robert Fidler v First SoS and Reigate and Banstead BC
260 ## - PUBLICATION, DISTRIBUTION, ETC.
Date of publication, distribution, etc. 2003
490 ## - SERIES STATEMENT
Series statement Journal of Planning and Environment Law
Volume/sequential designation [2004] JPL 630-653(24)
520 ## - SUMMARY, ETC.
Summary, etc. [2003] EWHC 2003 (Admin), 1 October 2003. Appellant landowner (F) appealed under the Town and Country Planning Act 1990 s289 from a planning inspector's decision upholding enforcement notices. F also made an application under s288 of the Act challenging the inspector's decision in which he found against F on his application for a certificate of lawful development. The inspector quashed enforcement notices B-G in his preliminary findings but upheld A and I notices. He also refused to allow application for certificate of lawful development. "Held", on appeal that the inspector had erred in holding that notice I was valid within s171B(4)(b), upheld the inspector's rejection of the appeal against notice and approached the material change of use correctly. The decision to reject F's application for a certificate of lawful development was upheld. Appeal allowed in part. View judgment at www.bailii.org.
590 ## - LOCAL NOTE (RLIN)
Local note ABS
650 ## - SUBJECT ADDED ENTRY--TOPICAL TERM
Topical term or geographic name entry element FIDLER V FIRST SOS AND ANOTHER
650 ## - SUBJECT ADDED ENTRY--TOPICAL TERM
Topical term or geographic name entry element ENFORCEMENT NOTICES
650 ## - SUBJECT ADDED ENTRY--TOPICAL TERM
Topical term or geographic name entry element CERTIFICATE OF LAWFUL USE
650 ## - SUBJECT ADDED ENTRY--TOPICAL TERM
Topical term or geographic name entry element TOWN AND COUNTRY PLANNING ACT 1990 S288
650 ## - SUBJECT ADDED ENTRY--TOPICAL TERM
Topical term or geographic name entry element TOWN AND COUNTRY PLANNING ACT 1990 S289
690 ## - LOCAL SUBJECT ADDED ENTRY--TOPICAL TERM (OCLC, RLIN)
Topical term or geographic name as entry element Planning and development
9 (RLIN) 6259
856 ## - ELECTRONIC LOCATION AND ACCESS
Uniform Resource Identifier <a href="https://www.bailii.org/ew/cases/EWHC/Admin/2003/2003.html">https://www.bailii.org/ew/cases/EWHC/Admin/2003/2003.html</a>
Public note View judgment on the BAILII website...
942 ## - ADDED ENTRY ELEMENTS (KOHA)
Suppress in OPAC 0
Holdings
Withdrawn status Lost status Source of classification or shelving scheme Damaged status Not for loan Home library Current library Shelving location Date acquired Total Checkouts Full call number Barcode Date last seen Copy number Price effective from Koha item type
    Dewey Decimal Classification     London London Journal article 24/11/2003   ABS67279 124441-1001 06/08/2019 1 06/08/2019 Law report